[Event "Khanty-Mansiysk Governor Cup Rapid 20th"]
[Site "Khanty-Mansiysk"]
[Date "2024.11.24"]
[Round "7"]
[White "Sabirov, Timur"]
[Black "Belyakov, Bogdan"]
[Result "1/2-1/2"]
[WhiteElo "2092"]
[BlackElo "2372"]
[PlyCount "135"]
[EventDate "2024.11.23"]
[EventType "swiss (rapid)"]
[EventRounds "11"]
[EventCountry "RUS"]
[SourceTitle "CB48_2024"]
[SourceDate "2024.11.28"]
[SourceVersion "1"]
[SourceVersionDate "2024.11.28"]
[SourceQuality "1"]

1. d4 Nf6 2. c4 g6 3. g3 Bg7 4. Bg2 0-0 5. Nc3 d6 6. Nf3 Nc6 7. 0-0 a6 8. Bf4 Rb8 9. Rc1 h6 10. Qd2 g5 11. Be3 Ng4 12. d5 Nxe3 13. Qxe3 Na5 14. Nd2 c5 15. Kh1 b5 16. b3 bxc4 17. bxc4 e5 18. dxe6 Bxe6 19. Qd3 Rb2 20. f4 f5 21. Bd5 Bxd5+ 22. Qxd5+ Kh7 23. Qd3 g4 24. e4 Re8 25. Nd5 Rxd2 26. Qxd2 Rxe4 27. Rfe1 Nxc4 28. Qd3 Nb2 29. Qxa6 Qe8 30. Rg1 Re2 31. Rc4 Nxc4 32. Qxc4 Bd4 33. Qxd4 cxd4 34. Nf6+ Kg6 35. Nxe8 Rxe8 36. Rd1 Re4 37. a4 Kf6 38. a5 Ke6 39. a6 d3 40. Rxd3 Ra4 41. h3 h5 42. hxg4 hxg4 43. Kg2 Rxa6 44. Kf2 Ra2+ 45. Ke3 d5 46. Rb3 Rg2 47. Kd4 Rd2+ 48. Kc5 d4 49. Kc4 Rd1 50. Rb6+ Kf7 51. Rd6 Rg1 52. Kxd4 Rxg3 53. Ke5 Rg1 54. Kxf5 g3 55. Rd7+ Ke8 56. Rd2 g2 57. Rf2 Kf7 58. Kg5 Kg7 59. f5 Kf7 60. Ra2 Rb1 61. Rxg2 Rb6 62. Ra2 Rc6 63. Ra7+ Kf8 64. f6 Rc1 65. Kf5 Rf1+ 66. Kg6 Rg1+ 67. Kf5 Rf1+ 68. Kg6 1/2-1/2

[Event "Khanty-Mansiysk Governor Cup 20th"]
[Site "Khanty-Mansiysk"]
[Date "2024.11.10"]
[Round "6"]
[White "Volkov, Maksim"]
[Black "Belyakov, Bogdan"]
[Result "1/2-1/2"]
[WhiteElo "2293"]
[BlackElo "2372"]
[PlyCount "51"]
[EventDate "2024.11.05"]
[EventType "swiss"]
[EventRounds "9"]
[EventCountry "RUS"]
[SourceTitle "CB47_2024"]
[SourceDate "2024.11.20"]
[SourceVersion "1"]
[SourceVersionDate "2024.11.20"]
[SourceQuality "1"]

1. d4 Nf6 2. c4 g6 3. g3 Bg7 4. Bg2 0-0 5. Nc3 d6 6. Nf3 c6 7. e4 Bg4 8. 0-0 Qb6 9. b3 Nfd7 10. Be3 c5 11. e5 Nc6 12. exd6 exd6 13. dxc5 dxc5 14. Qd2 Qa5 15. Rac1 Rad8 16. Nd5 Qxd2 17. Nxd2 h6 18. h3 Bf5 19. Ne4 Bxe4 20. Bxe4 Rfe8 21. Bg2 Nd4 22. Rcd1 Ne5 23. Nc7 Re7 24. Nd5 Ree8 25. Nc7 Re7 26. Nd5 1/2-1/2

[Event "Khanty-Mansiysk Governor Cup 20th"]
[Site "Khanty-Mansiysk"]
[Date "2024.11.06"]
[Round "2"]
[White "Smirnova, Polina A"]
[Black "Belyakov, Bogdan"]
[Result "0-1"]
[WhiteElo "1941"]
[BlackElo "2372"]
[PlyCount "94"]
[EventDate "2024.11.05"]
[EventType "swiss"]
[EventRounds "9"]
[EventCountry "RUS"]
[SourceTitle "CB47_2024"]
[SourceDate "2024.11.20"]
[SourceVersion "1"]
[SourceVersionDate "2024.11.20"]
[SourceQuality "1"]

1. d4 Nf6 2. c4 c5 3. d5 b5 4. cxb5 a6 5. bxa6 g6 6. Nc3 Bg7 7. e4 0-0 8. Bc4 d6 9. a7 Rxa7 10. Nf3 Ba6 11. Nd2 Nfd7 12. 0-0 Ne5 13. Bxa6 Nxa6 14. Qe2 Nb4 15. Nc4 Nxc4 16. Qxc4 Qa8 17. a3 Rb7 18. Rb1 Qa6 19. Qxa6 Nxa6 20. Nd1 f5 21. exf5 gxf5 22. Re1 f4 23. Bd2 Rf5 24. Nc3 Kf7 25. Re4 Bxc3 26. Bxc3 Nc7 27. a4 Nxd5 28. Ra1 e5 29. a5 Ke6 30. a6 Ra7 31. Be1 Rf8 32. b4 cxb4 33. Bxb4 Rfa8 34. Rae1 Rxa6 35. Bd2 Ra2 36. R4e2 Rc8 37. Kf1 Rcc2 38. Bc1 Nb4 39. Rxc2 Rxc2 40. Rd1 d5 41. Ba3 Na2 42. Rb1 d4 43. f3 Nc3 44. Rb6+ Kd5 45. Bf8 d3 46. Rd6+ Kc4 47. Rc6+ Kb5 0-1

[Event "Cheliabinsk Kurnosov Memorial Rapid"]
[Site "Cheliabinsk"]
[Date "2024.09.08"]
[Round "7"]
[White "Lysyj, Igor"]
[Black "Belyakov, Bogdan"]
[Result "1/2-1/2"]
[WhiteElo "2589"]
[BlackElo "2386"]
[PlyCount "94"]
[EventDate "2024.09.07"]
[EventType "swiss (rapid)"]
[EventRounds "11"]
[EventCountry "RUS"]
[SourceTitle "EXT 2025"]
[Source "ChessBase"]
[SourceDate "2024.10.14"]
[SourceVersion "1"]
[SourceVersionDate "2024.10.14"]
[SourceQuality "1"]

1. d4 Nf6 2. c4 g6 3. Nc3 Bg7 4. e4 d6 5. Nf3 0-0 6. Be2 e5 7. d5 a5 8. Be3 Nh5 9. g3 Na6 10. Nd2 b6 11. a3 Bd7 12. Rb1 Nc5 13. b4 axb4 14. axb4 Na4 15. Nxa4 Bxa4 16. Qc1 Bd7 17. Ra1 Bh3 18. Rg1 Bd7 19. c5 bxc5 20. bxc5 Rxa1 21. Qxa1 Qa8 22. Qxa8 Rxa8 23. Bxh5 gxh5 24. f3 dxc5 25. Kf2 Bf8 26. Rc1 Ra2 27. Ke1 f5 28. Bxc5 Bh6 29. Bb4 fxe4 30. fxe4 Bxd2+ 31. Bxd2 Ra4 32. Be3 Rxe4 33. Kd2 Kf7 34. Rxc7 Ke8 35. Ra7 h4 36. Ra8+ Kf7 37. Ra7 Ke8 38. Ra8+ Kf7 39. Rd8 Bb5 40. Rh8 hxg3 41. hxg3 Kg6 42. Rb8 Ba4 43. Kd3 Rg4 44. Rg8+ Kf5 45. Rf8+ Kg6 46. Rg8+ Kf5 47. Rg6 Rxg6 1/2-1/2

[Event "Cheliabinsk Kurnosov Memorial Rapid"]
[Site "Cheliabinsk"]
[Date "2024.09.08"]
[Round "9"]
[White "Remizov, Yaroslav"]
[Black "Belyakov, Bogdan"]
[Result "1/2-1/2"]
[WhiteElo "2432"]
[BlackElo "2386"]
[PlyCount "123"]
[EventDate "2024.09.07"]
[EventType "swiss (rapid)"]
[EventRounds "11"]
[EventCountry "RUS"]
[SourceTitle "EXT 2025"]
[Source "ChessBase"]
[SourceDate "2024.10.14"]
[SourceVersion "1"]
[SourceVersionDate "2024.10.14"]
[SourceQuality "1"]

1. e4 e5 2. Nf3 Nc6 3. Bc4 Bc5 4. c3 Nf6 5. d4 exd4 6. e5 d5 7. Bb5 Ne4 8. cxd4 Bb6 9. Nc3 0-0 10. Be3 Bg4 11. h3 Bh5 12. Qc2 Bg6 13. Qb3 Ne7 14. 0-0 c6 15. Bd3 Nf5 16. Qc2 Nh4 17. Nxe4 Nxf3+ 18. gxf3 dxe4 19. Bxe4 f5 20. Bd3 f4 21. Bxg6 hxg6 22. Bd2 Rf5 23. Bc3 Qh4 24. Kh2 Rd8 25. Rh1 Bxd4 26. Rad1 c5 27. Bxd4 cxd4 28. Rhg1 d3 29. Rxd3 Rxd3 30. Qxd3 Rxe5 31. Qxg6 Re7 32. Rg2 Rf7 33. Qd6 a6 34. Qb8+ Kh7 35. Qc8 Qf6 36. Rg4 g6 37. Qc4 Kg7 38. Qe4 Kh6 39. b3 Qf5 40. Qe8 Qf6 41. Qg8 Re7 42. Kg2 Re5 43. Qb8 b5 44. h4 Rf5 45. a4 bxa4 46. bxa4 a5 47. Qc8 Rh5 48. Kh3 Rf5 49. Qb8 Re5 50. Qc7 Rf5 51. Qc8 Rh5 52. Qe8 Rf5 53. Qe4 Kh7 54. Kg2 Kh6 55. Qa8 Rh5 56. Qc8 Rf5 57. Qc7 Re5 58. Kh3 Rf5 59. Kg2 Re5 60. Qb8 Rf5 61. Kh3 Re5 62. Rxf4 1/2-1/2

[Event "Cheliabinsk Kurnosov Memorial Rapid"]
[Site "Cheliabinsk"]
[Date "2024.09.07"]
[Round "6"]
[White "Belyakov, Bogdan"]
[Black "Shubin, Kirill"]
[Result "1/2-1/2"]
[WhiteElo "2386"]
[BlackElo "2458"]
[PlyCount "119"]
[EventDate "2024.09.07"]
[EventType "swiss (rapid)"]
[EventRounds "11"]
[EventCountry "RUS"]
[SourceTitle "EXT 2025"]
[Source "ChessBase"]
[SourceDate "2024.10.14"]
[SourceVersion "1"]
[SourceVersionDate "2024.10.14"]
[SourceQuality "1"]

1. e4 e6 2. d4 d5 3. Nc3 Bb4 4. e5 c5 5. Bd2 Ne7 6. a3 Bxc3 7. Bxc3 b6 8. h4 Ba6 9. Bxa6 Nxa6 10. h5 h6 11. Qe2 Qc8 12. 0-0-0 c4 13. g4 b5 14. f4 Nb8 15. Bb4 a5 16. Bd6 b4 17. Rh3 Nd7 18. f5 c3 19. bxc3 bxa3 20. Bxa3 Nb6 21. Qb5+ Qc6 22. Qxc6+ Nxc6 23. Kb1 Nc4 24. Bc1 0-0 25. Nf3 Rfb8+ 26. Ka2 a4 27. Ba3 Ne3 28. Rc1 Nxg4 29. f6 gxf6 30. Rg3 f5 31. Nh2 Kh8 32. Nxg4 Rg8 33. Rcg1 Rxg4 34. Rxg4 fxg4 35. Rxg4 Rg8 36. Rf4 Rg2 37. Bb4 Kg8 38. Ka3 Nb8 39. Kxa4 Nd7 40. Kb5 Nf8 41. Kc6 Nh7 42. Be7 f5 43. exf6 Kf7 44. Rf1 Rxc2 45. Rg1 Ng5 46. Ra1 Rxc3+ 47. Kd7 Ne4 48. Ra8 Nxf6+ 49. Bxf6 Kxf6 50. Rf8+ Kg7 51. Re8 Re3 52. Rxe6 Re4 53. Kd6 Rxd4 54. Rg6+ Kh7 55. Rg1 Rh4 56. Kxd5 Rxh5+ 57. Ke4 Rg5 58. Rxg5 hxg5 59. Kf5 g4 60. Kxg4 1/2-1/2

[Event "Titled Tuesday intern op 30th Jul Early"]
[Site "Chess.com INT"]
[Date "2024.07.30"]
[Round "2"]
[White "Belyakov, Bogdan"]
[Black "Yilmaz, Mustafa"]
[Result "0-1"]
[WhiteElo "2386"]
[BlackElo "2588"]
[PlyCount "75"]
[EventDate "2024.07.30"]
[EventType "swiss (blitz)"]
[EventRounds "11"]
[EventCountry "USA"]
[SourceTitle "EXT 2025"]
[Source "ChessBase"]
[SourceDate "2024.10.14"]
[SourceVersion "1"]
[SourceVersionDate "2024.10.14"]
[SourceQuality "1"]

1. e4 e5 2. d4 exd4 3. Qxd4 Nc6 4. Qe3 Nf6 5. Nc3 Bb4 6. Bd2 0-0 7. 0-0-0 Re8 8. Bc4 Na5 9. Be2 d6 10. Nf3 Ng4 11. Qf4 Nxf2 12. Ng5 f6 13. Qxf2 fxg5 14. a3 Bxc3 15. Bxc3 Nc6 16. h4 Ne5 17. hxg5 Qxg5+ 18. Kb1 Bg4 19. Bxe5 Bxe2 20. Qxe2 Qxe5 21. Qc4+ Kh8 22. Qxc7 Qxe4 23. Qxd6 Qxg2 24. Rdg1 Qe4 25. Rh2 Re6 26. Qc7 Re7 27. Qg3 Rc8 28. Rgh1 h6 29. Qg5 Rc6 30. Qh5 Kg8 31. Qd1 Kh7 32. b3 Rec7 33. Re2 Qf5 34. Rhh2 Rc3 35. Kb2 Qf6 36. Kb1 Rf3 37. Rd2 Rf1 38. Rhf2 0-1

[Event "Titled Tuesday intern op 23rd Jul Early"]
[Site "Chess.com INT"]
[Date "2024.07.23"]
[Round "4"]
[White "Belyakov, Bogdan"]
[Black "Rasulov, Vugar Ural Oglu"]
[Result "0-1"]
[WhiteElo "2386"]
[BlackElo "2539"]
[PlyCount "120"]
[EventDate "2024.07.23"]
[EventType "swiss (blitz)"]
[EventRounds "11"]
[EventCountry "USA"]
[SourceTitle "EXT 2025"]
[Source "ChessBase"]
[SourceDate "2024.10.14"]
[SourceVersion "1"]
[SourceVersionDate "2024.10.14"]
[SourceQuality "1"]

1. e4 c5 2. Nf3 Nc6 3. Bb5 d6 4. 0-0 Bd7 5. Re1 a6 6. Bf1 Bg4 7. c3 e5 8. h3 Bxf3 9. Qxf3 Nf6 10. d3 Be7 11. Be3 0-0 12. Nd2 Nd7 13. Qd1 Bg5 14. Bxg5 Qxg5 15. Nf3 Qf6 16. a4 g6 17. g3 b5 18. axb5 axb5 19. Bg2 Nb6 20. Qb3 b4 21. Red1 Kg7 22. Rxa8 Rxa8 23. cxb4 Nxb4 24. d4 Qe7 25. h4 f6 26. dxc5 dxc5 27. Bf1 Rd8 28. Ra1 h5 29. Kg2 Ra8 30. Rc1 Rc8 31. Qa3 Qd6 32. Be2 Rc7 33. Qe3 Nd7 34. Bc4 Nc6 35. Bb5 Nd4 36. Bxd7 Rxd7 37. Nxd4 cxd4 38. Qd3 Rb7 39. b3 Qb4 40. Rc6 Qe7 41. Qc4 Qf7 42. Re6 Rd7 43. Rc6 Qxc4 44. Rxc4 Kf7 45. b4 Ra7 46. b5 Rb7 47. Rb4 Ke6 48. f4 Kd6 49. f5 gxf5 50. exf5 Kd5 51. b6 e4 52. Rb1 d3 53. Kf2 Kc5 54. Ke3 Rxb6 55. Rxb6 Kxb6 56. g4 hxg4 57. h5 g3 58. h6 g2 59. Kf2 d2 60. h7 g1Q+ 0-1

[Event "Titled Tuesday intern op 23rd Jul Early"]
[Site "Chess.com INT"]
[Date "2024.07.23"]
[Round "1"]
[White "Mihajlovskij, Sergei"]
[Black "Belyakov, Bogdan"]
[Result "1/2-1/2"]
[WhiteElo "2312"]
[BlackElo "2386"]
[PlyCount "187"]
[EventDate "2024.07.23"]
[EventType "swiss (blitz)"]
[EventRounds "11"]
[EventCountry "USA"]
[SourceTitle "EXT 2025"]
[Source "ChessBase"]
[SourceDate "2024.10.14"]
[SourceVersion "1"]
[SourceVersionDate "2024.10.14"]
[SourceQuality "1"]

1. e4 e5 2. Nf3 Nc6 3. Nc3 Nf6 4. h3 d5 5. exd5 Nxd5 6. Bb5 Nxc3 7. bxc3 Bd6 8. 0-0 0-0 9. Re1 Qf6 10. d4 exd4 11. cxd4 h6 12. Ba4 Bf5 13. Rb1 Rab8 14. Bb2 Nb4 15. d5 Qg6 16. Nh4 Bxc2 17. Bxc2 Qxc2 18. Qg4 Qh7 19. Nf5 h5 20. Qe4 Qg6 21. Nxd6 Qxd6 22. Be5 Qxd5 23. Qxb4 Qxa2 24. Bxc7 Rbe8 25. Qxb7 Rxe1+ 26. Rxe1 a6 27. Qb4 Rc8 28. Bg3 Qc4 29. Qxc4 Rxc4 30. Re8+ Kh7 31. Ra8 Ra4 32. Bc7 Kg6 33. Rb8 Rc4 34. Be5 a5 35. Rb6+ f6 36. Bb2 a4 37. Kf1 Rc2 38. Ba3 Ra2 39. Bd6 a3 40. Ra6 Ra1+ 41. Ke2 a2 42. Bc5 Rc1 43. Bd4 Rc2+ 44. Kd3 Rc1 45. Rxa2 Rg1 46. g3 h4 47. gxh4 Rh1 48. Ke2 Rxh3 49. h5+ Rxh5 50. Ra7 Rd5 51. Be3 Re5 52. Kf3 Rf5+ 53. Kg4 Rd5 54. Kf4 Rf5+ 55. Ke4 Re5+ 56. Kd3 Rf5 57. Bd4 Rd5 58. Ke4 Rf5 59. f4 Rb5 60. Re7 Ra5 61. Rc7 Rb5 62. Bc5 Rb8 63. Kf3 Ra8 64. Kg4 Rb8 65. f5+ Kh7 66. Be3 Rb4+ 67. Bf4 Ra4 68. Rd7 Rb4 69. Kf3 Rb3+ 70. Ke4 Rb4+ 71. Ke3 Rb3+ 72. Ke2 Rb5 73. Bd6 Rxf5 74. Bf8 Rg5 75. Kf3 Kg8 76. Bd6 Rd5 77. Rd8+ Kh7 78. Be7 Rxd8 79. Bxd8 Kg6 80. Kf4 Kf7 81. Kf5 g6+ 82. Kf4 Ke6 83. Bb6 Kf7 84. Kf3 Kg7 85. Kf4 Kh6 86. Kg4 g5 87. Be3 Kg6 88. Bd2 f5+ 89. Kg3 Kh5 90. Bc1 Kg6 91. Bd2 Kf6 92. Bc1 Ke5 93. Bxg5 f4+ 94. Bxf4+ 1/2-1/2

[Event "Titled Tuesday intern op 09th Jul Early"]
[Site "Chess.com INT"]
[Date "2024.07.09"]
[Round "1"]
[White "Lohani, Sujana"]
[Black "Belyakov, Bogdan"]
[Result "1-0"]
[WhiteElo "1806"]
[BlackElo "2386"]
[PlyCount "63"]
[EventDate "2024.07.09"]
[EventType "swiss (blitz)"]
[EventRounds "11"]
[EventCountry "USA"]
[SourceTitle "EXT 2025"]
[Source "ChessBase"]
[SourceDate "2024.10.14"]
[SourceVersion "1"]
[SourceVersionDate "2024.10.14"]
[SourceQuality "1"]

1. e4 e5 2. Nf3 Nc6 3. Bb5 a6 4. Ba4 Bc5 5. 0-0 Nge7 6. Re1 Ng6 7. c3 Ba7 8. d4 0-0 9. Be3 d6 10. Bxc6 bxc6 11. dxe5 Bxe3 12. Rxe3 dxe5 13. Nbd2 Rb8 14. b3 Qf6 15. Qc2 Nf4 16. Nc4 Bh3 17. Ne1 Be6 18. Na5 c5 19. Nd3 Rb5 20. b4 cxb4 21. cxb4 Nxd3 22. Rxd3 Rc5 23. Qxc5 h6 24. Rf3 Qg6 25. Nc6 Qxe4 26. Re3 Qh4 27. Ne7+ Kh7 28. Ng6 fxg6 29. Qxf8 Bd5 30. Rae1 c6 31. Rxe5 Qxb4 32. Qxb4 1-0

[Event "Voronezh Petrovsky Russian Cup"]
[Site "Voronezh"]
[Date "2024.06.20"]
[Round "9"]
[White "Ponomariov, Timur"]
[Black "Belyakov, Bogdan"]
[Result "1/2-1/2"]
[WhiteElo "2068"]
[BlackElo "2381"]
[PlyCount "77"]
[EventDate "2024.06.12"]
[EventType "swiss"]
[EventRounds "9"]
[EventCountry "RUS"]
[SourceTitle "EXT 2025"]
[Source "ChessBase"]
[SourceDate "2024.10.14"]
[SourceVersion "1"]
[SourceVersionDate "2024.10.14"]
[SourceQuality "1"]

1. e4 e5 2. Nf3 Nc6 3. Bb5 a6 4. Ba4 Bc5 5. c3 Nge7 6. d4 exd4 7. cxd4 Bb4+ 8. Bd2 Bxd2+ 9. Qxd2 d5 10. exd5 Qxd5 11. Nc3 Qe6+ 12. Qe3 0-0 13. 0-0 Qd6 14. Rad1 Bg4 15. d5 Bxf3 16. Qxf3 Ne5 17. Qg3 Nc4 18. Qh4 b5 19. Bb3 Nxb2 20. Rd2 Ng6 21. Qd4 Nc4 22. Bxc4 bxc4 23. Qxc4 Rfe8 24. f4 Rab8 25. g3 Ne7 26. Re1 Nf5 27. Rxe8+ Rxe8 28. Qc6 Kf8 29. Qxd6+ Nxd6 30. Kf2 Rb8 31. Ke2 Ke7 32. Kd3 Rb4 33. Re2+ Kd7 34. Re1 Nb5 35. Re4 Rb2 36. Re2 Rb4 37. Re4 Rb2 38. Re2 Rb4 39. Re4 1/2-1/2

[Event "Voronezh Petrovsky Russian Cup"]
[Site "Voronezh"]
[Date "2024.06.16"]
[Round "5"]
[White "Belyakov, Bogdan"]
[Black "Remizov, Yaroslav"]
[Result "1/2-1/2"]
[WhiteElo "2381"]
[BlackElo "2451"]
[PlyCount "39"]
[EventDate "2024.06.12"]
[EventType "swiss"]
[EventRounds "9"]
[EventCountry "RUS"]
[SourceTitle "EXT 2025"]
[Source "ChessBase"]
[SourceDate "2024.10.14"]
[SourceVersion "1"]
[SourceVersionDate "2024.10.14"]
[SourceQuality "1"]

1. e4 c5 2. Nf3 e6 3. c3 d5 4. exd5 exd5 5. d4 Nf6 6. Bb5+ Bd7 7. Bxd7+ Nbxd7 8. 0-0 Be7 9. dxc5 Nxc5 10. Nbd2 Nd3 11. Nb3 Nxc1 12. Rxc1 0-0 13. Nbd4 Re8 14. Qb3 Qc7 15. Rfe1 Bc5 16. g3 g6 17. Kg2 Kg7 18. Kg1 Kg8 19. Kg2 Kg7 20. Kg1 1/2-1/2

[Event "Titled Tuesday intern op 11th Jun Early"]
[Site "Chess.com INT"]
[Date "2024.06.11"]
[Round "7"]
[White "Belyakov, Bogdan"]
[Black "Arutla, Aditya"]
[Result "1/2-1/2"]
[WhiteElo "2381"]
[BlackElo "2243"]
[PlyCount "83"]
[EventDate "2024.06.11"]
[EventType "swiss (blitz)"]
[EventRounds "11"]
[EventCountry "USA"]
[SourceTitle "EXT 2025"]
[Source "ChessBase"]
[SourceDate "2024.10.14"]
[SourceVersion "1"]
[SourceVersionDate "2024.10.14"]
[SourceQuality "1"]

1. e4 e5 2. Nf3 Nc6 3. Bc4 Nf6 4. 0-0 Nxe4 5. d4 d5 6. Bb5 exd4 7. Nxd4 Bd7 8. Nc3 Nxc3 9. bxc3 Be7 10. Nxc6 Bxc6 11. Bd3 0-0 12. Be3 Bf6 13. Qd2 Bd7 14. Rfe1 Re8 15. h3 Be6 16. Bd4 Bxd4 17. cxd4 Qf6 18. Re5 c6 19. Rae1 Bd7 20. Qb4 b6 21. Qa3 Rxe5 22. Rxe5 g6 23. c3 a5 24. Qb2 b5 25. Qa3 a4 26. Qc5 Re8 27. Qa7 Rxe5 28. dxe5 Qd8 29. f4 Be6 30. Qc5 Qd7 31. a3 Kg7 32. Kf2 Bf5 33. Bxf5 Qxf5 34. Ke3 Qe4+ 35. Kf2 Qxf4+ 36. Kg1 Qc4 37. Qd6 Qxc3 38. Qf6+ Kg8 39. Qd8+ Kg7 40. Qf6+ Kf8 41. Qd8+ Kg7 42. Qf6+ 1/2-1/2

[Event "Titled Tuesday intern op 11th Jun Early"]
[Site "Chess.com INT"]
[Date "2024.06.11"]
[Round "10"]
[White "Belyakov, Bogdan"]
[Black "Bogaudinov, Rushan"]
[Result "1-0"]
[WhiteElo "2381"]
[BlackElo "1912"]
[PlyCount "58"]
[EventDate "2024.06.11"]
[EventType "swiss (blitz)"]
[EventRounds "11"]
[EventCountry "USA"]
[SourceTitle "EXT 2025"]
[Source "ChessBase"]
[SourceDate "2024.10.14"]
[SourceVersion "1"]
[SourceVersionDate "2024.10.14"]
[SourceQuality "1"]

1. e4 e6 2. d4 a6 3. Nc3 b5 4. Bd3 Bb7 5. a4 b4 6. Nce2 Nf6 7. Ng3 c5 8. c3 h5 9. h4 bxc3 10. bxc3 cxd4 11. cxd4 Bb4+ 12. Bd2 Qa5 13. Nf3 Nc6 14. 0-0 Bxd2 15. Nxd2 Nxd4 16. Nc4 Qd8 17. Nd6+ Ke7 18. Nxb7 Qc7 19. Rb1 Rhb8 20. e5 Ng4 21. Be4 Nc6 22. Qd6+ Qxd6 23. exd6+ Kf6 24. Bxc6 dxc6 25. d7 Ke7 26. Rfd1 Nf6 27. d8Q+ Rxd8 28. Rxd8 Rxd8 29. Nxd8 Kxd8 1-0

[Event "Titled Tuesday intern op 11th Jun Early"]
[Site "Chess.com INT"]
[Date "2024.06.11"]
[Round "3"]
[White "Belyakov, Bogdan"]
[Black "Manon Og, Ramon Jr"]
[Result "1-0"]
[WhiteElo "2381"]
[BlackElo "1960"]
[PlyCount "73"]
[EventDate "2024.06.11"]
[EventType "swiss (blitz)"]
[EventRounds "11"]
[EventCountry "USA"]
[SourceTitle "EXT 2025"]
[Source "ChessBase"]
[SourceDate "2024.10.14"]
[SourceVersion "1"]
[SourceVersionDate "2024.10.14"]
[SourceQuality "1"]

1. e4 c5 2. Nf3 d6 3. Bb5+ Nd7 4. a4 a6 5. Be2 Ngf6 6. Nc3 e5 7. Bc4 Be7 8. d3 0-0 9. h3 b6 10. g4 Bb7 11. g5 Nh5 12. Nxe5 Nxe5 13. Qxh5 Nxc4 14. dxc4 Re8 15. Be3 f5 16. g6 hxg6 17. Qxg6 Bf6 18. Rg1 fxe4 19. 0-0-0 Qe7 20. Nd5 Bxd5 21. Rxd5 b5 22. Rh5 bxc4 23. Bg5 Rf8 24. Qh7+ Kf7 25. Bxf6 Qxf6 26. Rf5 d5 27. Rxg7+ Ke6 28. Rxf6+ Rxf6 29. Re7+ Kd6 30. Rd7+ Ke5 31. Qe7+ Kf5 32. Rxd5+ Kg6 33. Qxe4+ Kf7 34. Rd7+ Kg8 35. Qxa8+ Rf8 36. Qg2+ Kh8 37. Qg7# 1-0

[Event "Titled Tuesday intern op 11th Jun Early"]
[Site "Chess.com INT"]
[Date "2024.06.11"]
[Round "5"]
[White "Belyakov, Bogdan"]
[Black "Molina, Roberto Junio Brito"]
[Result "0-1"]
[WhiteElo "2381"]
[BlackElo "2373"]
[PlyCount "76"]
[EventDate "2024.06.11"]
[EventType "swiss (blitz)"]
[EventRounds "11"]
[EventCountry "USA"]
[SourceTitle "EXT 2025"]
[Source "ChessBase"]
[SourceDate "2024.10.14"]
[SourceVersion "1"]
[SourceVersionDate "2024.10.14"]
[SourceQuality "1"]

1. e4 c6 2. d4 d5 3. exd5 cxd5 4. Bd3 Nc6 5. c3 Qc7 6. h3 g6 7. Nf3 Bf5 8. Be2 Bh6 9. 0-0 Bxc1 10. Qxc1 Bxb1 11. Rxb1 Nf6 12. Qh6 0-0-0 13. Rfe1 e6 14. Bd3 Ne8 15. Rbc1 Kb8 16. b3 Nd6 17. c4 Nb4 18. cxd5 Qb6 19. Bf1 Nxd5 20. Bc4 Nf5 21. Qd2 Qb4 22. Qb2 Nb6 23. Red1 Rc8 24. Qe2 Rhd8 25. g4 Nd6 26. Bd3 Nd5 27. Qe5 Rxc1 28. Rxc1 Qb6 29. Be4 f6 30. Qxe6 Nf4 31. Qxf6 Ne2+ 32. Kg2 Nxc1 33. Ne5 Nxe4 34. Qf4 Qc7 35. Qxe4 Nxa2 36. d5 Nc3 37. Qd4 Nxd5 38. Nc4 Nf4+ 0-1

[Event "Titled Tuesday intern op 11th Jun Early"]
[Site "Chess.com INT"]
[Date "2024.06.11"]
[Round "4"]
[White "Sabatier, Mathis"]
[Black "Belyakov, Bogdan"]
[Result "0-1"]
[WhiteElo "2133"]
[BlackElo "2381"]
[PlyCount "92"]
[EventDate "2024.06.11"]
[EventType "swiss (blitz)"]
[EventRounds "11"]
[EventCountry "USA"]
[SourceTitle "EXT 2025"]
[Source "ChessBase"]
[SourceDate "2024.10.14"]
[SourceVersion "1"]
[SourceVersionDate "2024.10.14"]
[SourceQuality "1"]

1. d4 Nf6 2. Nf3 g6 3. Nbd2 Bg7 4. e4 d6 5. Bd3 Nc6 6. c3 e5 7. dxe5 dxe5 8. Qc2 Nh5 9. Nc4 0-0 10. 0-0 Nf4 11. Bxf4 exf4 12. Rad1 Qe7 13. Rfe1 Bg4 14. Be2 Rad8 15. h3 Bxf3 16. Bxf3 b5 17. Nd2 Ne5 18. Be2 b4 19. Nf3 bxc3 20. bxc3 Qc5 21. Nxe5 Bxe5 22. c4 Rd4 23. Rxd4 Bxd4 24. Bf3 Rb8 25. Rb1 Bxf2+ 26. Kh1 Rxb1+ 27. Qxb1 Bd4 28. Qb5 Qa3 29. Qb1 h5 30. Qd1 Qc3 31. Qf1 c5 32. Qe2 Qa1+ 33. Qd1 Qxa2 34. e5 Qxc4 35. Qe1 Qe6 36. Qb1 Qxe5 37. Be4 Kg7 38. Bd3 a5 39. Bc4 a4 40. Qd1 a3 41. Qc1 Qe3 42. Qb1 f3 43. Qf1 f2 44. Qb1 Be5 45. Qb7 Qc1+ 46. Bf1 Qxf1# 0-1

[Event "Titled Tuesday intern op 11th Jun Early"]
[Site "Chess.com INT"]
[Date "2024.06.11"]
[Round "2"]
[White "Terry, Renato"]
[Black "Belyakov, Bogdan"]
[Result "1-0"]
[WhiteElo "2521"]
[BlackElo "2381"]
[PlyCount "63"]
[EventDate "2024.06.11"]
[EventType "swiss (blitz)"]
[EventRounds "11"]
[EventCountry "USA"]
[SourceTitle "EXT 2025"]
[Source "ChessBase"]
[SourceDate "2024.10.14"]
[SourceVersion "1"]
[SourceVersionDate "2024.10.14"]
[SourceQuality "1"]

1. d4 Nf6 2. Bg5 d5 3. e3 Nbd7 4. Nf3 e6 5. Nbd2 Be7 6. Bd3 h6 7. Bh4 c5 8. c3 b6 9. 0-0 0-0 10. Qe2 Bb7 11. Rad1 a6 12. Ne5 Nxe5 13. dxe5 Nd7 14. Bg3 f5 15. exf6 Nxf6 16. e4 Qe8 17. Rfe1 Qh5 18. exd5 Bxd5 19. c4 Qxe2 20. Rxe2 Bb7 21. Rxe6 Kf7 22. Rxb6 Bc8 23. Nf3 Rd8 24. Bc7 Re8 25. Ne5+ Kg8 26. Bg6 Rf8 27. Nc6 Rf7 28. Bxf7+ Kxf7 29. Nxe7 Kxe7 30. Bd8+ Kf7 31. Bxf6 gxf6 32. Rd8 1-0

[Event "Titled Tuesday intern op 04th Jun Early"]
[Site "Chess.com INT"]
[Date "2024.06.04"]
[Round "3"]
[White "Belyakov, Bogdan"]
[Black "Aradhya, Garg"]
[Result "1/2-1/2"]
[WhiteElo "2381"]
[BlackElo "2418"]
[PlyCount "154"]
[EventDate "2024.06.04"]
[EventType "swiss (blitz)"]
[EventRounds "11"]
[EventCountry "USA"]
[SourceTitle "EXT 2025"]
[Source "ChessBase"]
[SourceDate "2024.10.14"]
[SourceVersion "1"]
[SourceVersionDate "2024.10.14"]
[SourceQuality "1"]

1. e4 e5 2. Nf3 Nc6 3. Nc3 Nf6 4. Bb5 Nd4 5. 0-0 Nxb5 6. Nxb5 c6 7. Nc3 d6 8. d4 Qc7 9. Bg5 Be7 10. a4 a5 11. h3 0-0 12. Qd3 h6 13. Bxf6 Bxf6 14. d5 Rd8 15. Nd2 Rb8 16. Nc4 Be7 17. b3 Bd7 18. Rfd1 Be8 19. Ne3 Bf8 20. Nf5 g6 21. Ne3 h5 22. Nc4 Ra8 23. Ne3 Rdb8 24. Rd2 b5 25. dxc6 bxa4 26. Ncd5 Qxc6 27. Nf6+ Kg7 28. Nxe8+ Qxe8 29. Rxa4 Rb4 30. Rxb4 axb4 31. Nc4 Qc6 32. h4 Be7 33. g3 Qc5 34. Kg2 Qc6 35. Qd5 Qxd5 36. Rxd5 Ra2 37. Rd2 Kf8 38. Nb6 Bd8 39. Nd5 Ba5 40. Kf3 Ke8 41. Ke3 Kd7 42. Kd3 Kc6 43. Kc4 Ra1 44. Nxb4+ Bxb4 45. Kxb4 Rf1 46. Re2 f5 47. exf5 gxf5 48. c4 f4 49. gxf4 exf4 50. Kc3 f3 51. Rb2 Rh1 52. Kd3 Rxh4 53. Ke3 Rh3 54. b4 Rh4 55. Rc2 Rh3 56. Rd2 Rh4 57. Rd4 Rh3 58. Rd5 Rh1 59. b5+ Kc7 60. Kxf3 Rc1 61. Rxh5 Rxc4 62. Ke3 Kb6 63. f4 Rc3+ 64. Ke4 Rc4+ 65. Ke3 Ra4 66. Rd5 Ra7 67. Rxd6+ Kxb5 68. f5 Kc5 69. Rd2 Ra4 70. f6 Ra6 71. Rf2 Re6+ 72. Kd3 Re8 73. Re2 Rf8 74. Re6 Kd5 75. Ra6 Ke5 76. Ke3 Rxf6 77. Rxf6 Kxf6 1/2-1/2